Derecho cultural latinoamericano: Centroamérica, México y Caribe

Na minha lista:
Detalhes bibliográficos
Autor principal: Harvey, Edwin R (Autor)
Formato: Livro
Idioma:espanhol
Publicado em: Buenos Aires Depalma 1993
Assuntos:
Tags: Adicionar Tag
Sem tags, seja o primeiro a adicionar uma tag!

MARC

LEADER 00000nam a2200000 a 4500
001 UCN4477
003 CL-VaPUC
008 010803e19930000AG |||||||||||||||||spa|d
082 0 4 |a 341.767  |b HAR  |2 21 
100 |a Harvey, Edwin R  |e author  |9 460942 
245 1 0 |a Derecho cultural latinoamericano: Centroamérica, México y Caribe 
300 |a 444 p 
942 |c BK 
945 |d 20010803 00:00:00  |a cmena 
260 |a Buenos Aires  |b Depalma  |c 1993 
650 0 |a Derecho comparado  |9 255664 
650 0 |a Política cultural  |9 316492 
650 0 |a Derecho de autor  |9 332641 
650 0 |a Patrimonio cultural  |9 309364 
650 0 |a Artes  |9 268202 
583 |a last modification  |c 20161102 05:11:24  |k Rodrigo Vera 
999 |c 296714  |d 296712 
952 |0 0  |1 0  |4 0  |6 341_767000000000000_HAR_1993  |7 0  |8 X  |9 350776  |a FDOMLP  |b FDOMLP  |d 2019-11-20  |i 3742334  |o 341.767 HAR 1993  |p 3742334  |r 2019-11-20  |w 2019-11-20  |y BK_X  |k BU2